IEP Lyon : Histoire des totalitarismes 1 : aux origines du stalinisme - Statistiques

Statistiques générales
  • Ce quiz a été pris 207 fois
  • Le résultat moyen est 24 sur 63
Statistiques - réponses
Questions Réponses % Correct
Le nom du Tsar d'alors (chiffre romains) ? Nicolas II
72%
Le pouvoir tsariste se maintient mais cède une assemblé législative. Son nom ? La Douma
60%
Nom des conseils ouvriers naissants. Soviet
60%
Début XXe siècle, 3 forces d'opposition naissent. Trouvez le parti d'opposition correspondant à sa description. Constitutionnel-Démocrate (KD), naît officiellement après la révolution de 1905. Volonté de libéraliser le régime : incarne le libéralisme des élites progressistes : le Parti... Libéral
58%
Lénine meurt en... 1924
56%
Nom de la police politique fondée alors : La Tcheka
54%
Avant la 1GM, 4e puissance mondiale, combien la Russie Tsariste compte-elle d'habitants (en millions) ? 170
52%
Comment appelle-t-on les paysans "aisés" (au pluriel) ? Les koulaks
52%
La Révolution d'Octobre a lieu dans la ville de... Petrograd
52%
Année d'une multiplication de mouvements ouvriers et paysans (armée verte) face au pouvoir : 1919
50%
... avec la répression dite du "..." Dimanche rouge
49%
3 défi principaux auxquels est confronté le gouvernement provisoire. Le premier (défi de...) : La guerre
49%
Une famine qui fait "..." millions de morts. 5
48%
Durant quel mois de 1917 les forces conservatrices tentent-elles un coup d'État ? Août
47%
Les bolcheviks reprennent l'avantage malgré leur position de faiblesse en 1919. Un facteur militaire : l'ennemi est désorganisé et les bolcheviks mettent en place une nouvelle armée : l' "...". Un facteur politique également avec l'incapacité de l'ennemi à proposer une vision politique satisfaisante (ne prend pas en compte les revendications nationalistes). Armée Rouge
47%
En quelle année Staline marque sa victoire dans la guerre de succession en rejoingnant la ligne de gauche (prise des pleins pouvoirs par Staline) ? 1928
46%
Staline est "..." (en deux mots) du Parti Communiste depuis 1922. Secrétaire général
46%
Trotski démissionne en... 1925
45%
... sous la pression de Staline, Kamenev et... Grigori Zinoviev
45%
Deuxième défi quand une révolution sociale prend place dans les campagnes en 1917 (défi de...) : La terre
45%
Le deuxième qui légalise le partage sauvage des terres dans les campagnes est le décret sur... La terre
45%
Fin de la période d'incertitude avec l'adoption de la ligne de gauche et l'affirmation du pouvoir stalinien dès la fin de l'année... 1929
44%
... la nuit du "... au ..." (écrire "XX au XX") 24 au 25
44%
Trois grands décrets. Le premier qui invite tous les peuples et leur gouvernement à ouvrir les négociations d’une juste paix démocratique est le décret sur... La paix
44%
Jugeant Staline dangereux, les deux autres s'allient à Trotski mais cette "opposition unifiées" échoue en "..." et est contrainte de faire son "auto-critique". 1927
43%
Quel parti tire profit de la dégradation de la situation ? Le parti... Bolchevik
43%
Ministre des nationalités ? Joseph Staline
43%
Mois de l'offensive de 1917 qui accélère le processus de décomposition de l'armée : Juin
43%
2 lignes au sein du parti pour aller vers l'industrialisation du pays. La ligne de gauche qui prône une industrialisation volontariste et un financement par l'augmentation de la pression fiscale sur les paysans représentée notamment par la personne de... Léon Trotski
42%
Comment s'appelle le Premier Ministre de l'époque ? Piotr Stolypine
42%
2 millions de morts par épidémie, 1,5 millions de mort de la guerre civile dont 1/"..." par la répression. 3
41%
Date de l'abdication du Tsar ? (XX/mois/XXXX) 3 mars 1917
41%
Une première poussée révolutionnaire en 1905 qui commence le (jour en chiffre, mois en lettres)... 9 janvier
41%
On parle alors de la (donnez le sigle)... NEP
41%
Date de la deuxième poussée révolutionnaire (et première révolution réussie) qui débute par des manifestations ouvrières dans un mouvement spontané ? (jour en chiffres, mois en lettres et année) 23 Février 1917
40%
Quel pourcentage de la population représentent-ils (fourchette basse) ? 3%
40%
Le troisième accordant le droit à l’autodétermination et à la sécession aux nationalités qui le souhaitent est le décret sur... Les nationalités
40%
Les années "..." sont des années de transitions entre le communisme de guerre et le système économique de la décennie suivante. Une période d'incetitude politique (problème de la succession) et économique (avec la nouvelle politique économique qui est consodéré comme une pause et non une fin) ("XXXX") 1920
39%
Non marxistes, pour eux la révolution viendra des paysans et non des ouvriers, ont recours à la violence : le Parti... Socialiste Révolutionnaire
39%
Mécontentement des paysans -> mesures coercitives inefficaces -> instauration du rationnement dans les villes en... 1929
38%
Comment appelle-t-on la classe de petits entrepreneurs qui naît de la nouvelle politique économique (au pluriel) ? Les nepmens
38%
Ce groupe de trois s'appelle la... Troika
38%
Nom du bloc conservateur qui recourt aux armes pour renverser le pouvoir en place (soutenu par la France et le Royaume-Uni) : Armée Blanche
36%
De quelle année à quelle année le nouveau gouvernement met en place un stratégie de mesures économiques et sociales radicales et d'autoritarisme politique ? (écrire "XXXX à XXXX). 1918 à 1921
35%
Quand la Russie perd-elle ses territoires les plus développés (territoires à l'Ouest) à la suite d'une série de défaite militaire ? (saison et année) Été 1915
33%
Avec quel texte Lénine impose-t-il un changement d'orientation moins modéré au parti (arrêt de la stratégie suiviste) ? Les Thèses d'Avril
33%
Léon Trotski est ministre des... Affaires étrangères
30%
Mois et année de la Constitution : Juillet 1918
30%
En 1921 suite à trois années de guerre, la production industrielle chute à "..." (pourcentage) de son niveau d'avant-guerre. 12%
29%
Troisième défi avec la baisse de la production due à une désorganisation des campagnes (le défi...) Du pain
28%
Nom du gouvernement en français (Sovnarkom en russe) ? Le Conseil des commissaires du peuple
26%
Comment appelle-t-on l'ensemble de mesures mises en place au niveau de l'agriculture (réquisitions forcées) et de l'industrie (création d'un conseil suprême de l'économie pour mettre en place une planification centralisée) pour faire face à la guerre civile ? Le communisme de guerre
25%
Au cours de quel évènement le gouvernement et Lénine décident la fin du communisme de guerre face à l'épuisement du pays ? (Le 10e...) Congrès du Parti Communiste
23%
Une ligne de droite qui prône une modernisation en douceur des campagnes, une incitation à s'enrichir pour les paysans pour que l'agriculture dégage de plus en plus de richesses et représentées par... Nikolaï Boukahrine
23%
... et Alexeï Rykov, chef du "...". Gouvernement
20%
La victoire s’explique par les atouts de Staline, et le fait qu’il ait réussi à trouver des alliés dans le groupe autour de Boukahrine dont "...", chef des syndicats... Mikhaïl Tomski
18%
Fondée en 1922, officiellement un État fédéral même si le pouvoir est en réalité incarné par le conseil des commissaires du peuple de Russie. Union des Républiques
18%
Nom de la paix signée avec l'Allemagne en mars 1918 (la paix...) : Brest-Litvosk
16%
Une Réinstauration de logique d’ "..." et de "..." qui devrait faire redémarrer l’activité économique et industrielle suite à son effondrement. (écrire les deux mots à la suite) Offre et demande
15%
Aspiration à la révolution, puissant mouvement syndical. Présente rapidement des caractéristiques spécifiques : deux tendances s’affirment et s’éloignent progressivement l’une de l’autre pour déboucher sur deux courants. Entre mencheviks et bolchéviks qui se réclament du marxisme, mais diffèrent dans leur manière de concevoir l’action politique. Pour les bolchéviks le parti doit être un regroupement de militants professionnels, alors que pour les mencheviks on conçoit l’action politique plus ouverte au débat interne, alliance avec d’autres forces progressistes : le Parti... Parti Social-Démocrate
14%
On assiste à une "..." partielle de l’activité économique et bancaire, surtout pour les petites entreprises. Dénationalisation
13%
Grands projet industriels à partir de 1928. Exemple : ligne de fer du... Turksib
8%
-> abandon de l'idée d'économie... (en deux mots) -> retour à la monnaie. naturelles prolétariennes
4%
Aucun quiz correspondant
Distribution des résultats
% des personnes avec chaque résultat
Percentile par nombre de réponses
Votre historique - résultats
Vous n’avez pas pris ce quiz